[Event "Vitrolles Majeur op 0405"]
[Site "Vitrolles"]
[Date "2005.01.15"]
[Round "5"]
[White "Mengus, Michel"]
[Black "Pieri, Thierry"]
[Result "0-1"]
[WhiteElo "1720"]
[BlackElo "1934"]
[PlyCount "82"]
[EventDate "2004.10.16"]
[EventType "swiss"]
[EventRounds "9"]
[EventCountry "FRA"]
[SourceTitle "EXT 2008"]
[Source "ChessBase"]
[SourceDate "2007.11.25"]
[SourceVersion "1"]
[SourceVersionDate "2007.11.25"]
[SourceQuality "1"]

1. d4 Nf6 2. Nf3 c5 3. e3 g6 4. Bd3 Bg7 5. Nbd2 0-0 6. 0-0 d5 7. dxc5 Qc7 8. e4 e5 9. exd5 Nxd5 10. Bc4 Qxc5 11. Bb3 Nf6 12. Qe1 Nc6 13. c3 Bf5 14. Bd1 Rfe8 15. Nb3 Qd6 16. Be3 Ng4 17. Bc5 Qc7 18. Nh4 e4 19. Bxg4 Bxg4 20. h3 Be6 21. Qe3 h6 22. g4 Qd8 23. Ng2 Ne5 24. Nd4 Bc4 25. Rfd1 Nd3 26. Ne2 Qc7 27. Bd4 Nxb2 28. Bxg7 Kxg7 29. Rdb1 Nd3 30. Rd1 b6 31. Rd2 Rad8 32. Ne1 Kh7 33. Nc2 f5 34. gxf5 gxf5 35. f4 exf3 36. Qxf3 Rg8+ 37. Kf1 Nf4 38. Ncd4 Rde8 39. Kf2 Rg2+ 40. Qxg2 Nxg2 41. Rg1 Nh4 0-1